000 01115nam a2200277Ia 4500
003 OSt
005 20221005112041.0
006 a|||||r|||| 00| 0
007 ta
008 221004b |||||||| |||| 00| 0 hin d
020 _cIndian Rupees 5.00
024 _a38979
037 _bGift, 31/08/2018,
_cTextual
040 _aCRL
_cCRL
_bhin
041 _2hin
_ahin
082 _aO152,1N071x, K8
100 _aचन्द्रदेव सिंह, ले.
245 0 _aबच्चन एक पहेली
_b बच्चन काव्य का समीक्षात्मक परिचय
246 _aBachchan ek pahelī: bachchan kāvya kā samīkṣhātmak parichaya
260 _aवाराणसी
_bहिन्दी प्रचारक प्रकाशन भारत
_c1968
300 _a159पृ0
_ccm.
650 _a हिन्दी साहित्य
650 _aहिन्दी कविता
942 _hO152,1N071x, K8
_cTEXL
_2cc
999 _c1023673
_d1023673